Tähtikuviot - Statistics

Yleistilastot
  • Tätä visaa on pelattu 65 kertaa
  • Keskiarvotulos 34 / 88
Vastaustilastot
Latinankielinen nimi Suomenkielinen nimi % Oikein
Ursa Major Iso Karhu
97%
♉︎ Taurus Härkä
85%
Ursa Minor Pieni Karhu
85%
♋︎ Cancer Krapu
82%
♍︎ Virgo Neitsyt
82%
♒︎ Aquarius Vesimies
82%
♐︎ Sagittarius Jousimies
79%
♊︎ Gemini Kaksoset
79%
Orion Orion
79%
♎︎ Libra Vaaka
79%
♌︎ Leo Leijona
76%
♏︎ Scorpius Skorpioni
76%
♓︎ Pisces Kalat
74%
♈︎ Aries Oinas
74%
Pegasus Pegasus
74%
Cassiopeia Kassiopeia
71%
♑︎ Capricornus Kauris
71%
Delphinus Delfiini
68%
Lyra Lyyra
68%
Hercules Herkules
65%
Lynx Ilves
65%
Centaurus Kentauri
62%
Draco Lohikäärme
62%
Perseus Perseus
62%
Andromeda Andromeda
59%
Phoenix Feeniks
59%
Chamaleon Kameleontti
56%
Leo Minor Pieni Leijona
56%
Lupus Susi
56%
Serpens Käärme
53%
Canis Major Iso Koira
47%
Cygnus Joutsen
47%
Telescopium Kaukoputki
47%
Canis Minor Pieni Koira
44%
Sextans Sekstantti
44%
Vulpecula Kettu
38%
Triangulum Kolmio
38%
Aquila Kotka
38%
Sculptor Kuvanveistäjä
38%
Lepus Jänis
35%
Crux Etelän Risti
32%
Boötes Karhunvartija
32%
Equuleus Pieni Hevonen
32%
Tucana Tukaani
32%
Triangulum Australe Etelän Kolmio
29%
Corona Australis Etelän Kruunu
29%
Microscopium Mikroskooppi
29%
Piscis Austrinus Etelän Kala
26%
Cepheus Kefeus
26%
Corvus Korppi
26%
Corona Borealis Pohjan Kruunu
26%
Monoceros Yksisarvinen
26%
Hydra Vesikäärme
24%
Canes Venatici Ajokoirat
21%
Auriga Ajomies
21%
Coma Berenices Bereniken Hiukset
21%
Camelopardalis Kirahvi
21%
Octans Oktantti
21%
Cetus Valaskala
21%
Eridanus Eridanus
18%
⛎︎ Ophiuchus Käärmeenkantaja
18%
Grus Kurki
18%
Mensa Pöytävuori
18%
Horologium Heilurikello
15%
Carina Köli
15%
Columba Kyyhkynen
15%
Sagitta Nuoli
15%
Pavo Riikinkukko
15%
Fornax Sulatusuuni
15%
Ara Alttari
12%
Hydrus Etelän Vesikäärme
12%
Antlia Ilmapumppu
12%
Indus Intiaani
12%
Musca Kärpänen
12%
Crater Malja
12%
Vela Purje
12%
Lacerta Sisilisko
12%
Scutum Kilpi
9%
Norma Kulmaviivoitin
9%
Dorado Kultakala
9%
Circinus Harppi
6%
Pyxis Kompassi
6%
Volans Lentokala
6%
Pictor Maalari
6%
Apus Paratiisilintu
6%
Puppis Peräkeula
6%
Caelum Veistotaltta
6%
Reticulum Verkko
3%
Ehtoja vastaavia visoja ei löytynyt
Tulosjakauma
Jokaisen tuloksen saaneiden osuus
Persentiili vastausten määrän mukaan
Tuloshistoriasi
Et ole pelannut tätä visaa